Indonesia menggugat : (Record no. 60307)

MARC details
000 -LEADER
fixed length control field 00897cam a22002891i 4500
001 - CONTROL NUMBER
control field sa 64007523
003 - CONTROL NUMBER IDENTIFIER
control field DLC
005 - DATE AND TIME OF LATEST TRANSACTION
control field 20260227112047.0
008 - FIXED-LENGTH DATA ELEMENTS--GENERAL INFORMATION
fixed length control field 870422s1961 io ac b 000 0 ind
010 ## - LIBRARY OF CONGRESS CONTROL NUMBER
LC control number sa 64007523
035 ## - SYSTEM CONTROL NUMBER
System control number (OCoLC)15565173
040 ## - CATALOGING SOURCE
Original cataloging agency DLC
Transcribing agency OAU
Modifying agency DLC
041 0# - LANGUAGE CODE
Language code of text/sound track or separate title inddut
042 ## - AUTHENTICATION CODE
Authentication code premarc
043 ## - GEOGRAPHIC AREA CODE
Geographic area code a-io---
050 00 - LIBRARY OF CONGRESS CALL NUMBER
Classification number DS643
Item number .S827 1961
100 0# - MAIN ENTRY--PERSONAL NAME
Personal name Soekarno,
Dates associated with a name 1901-1970.
245 10 - TITLE STATEMENT
Title Indonesia menggugat :
Remainder of title pidato pembelaan Bung Karno dimuka hakim kolonial /
Statement of responsibility, etc. [Sukarno].
260 ## - PUBLICATION, DISTRIBUTION, ETC.
Place of publication, distribution, etc. Djakarta :
Name of publisher, distributor, etc. Masco,
Date of publication, distribution, etc. [1961]
300 ## - PHYSICAL DESCRIPTION
Extent 203 p. :
Other physical details ill., port. ;
Dimensions 22 cm.
490 0# - SERIES STATEMENT
Series statement Penerbitan chusus ;
Volume/sequential designation 168
500 ## - GENERAL NOTE
General note Partly in Dutch.
500 ## - GENERAL NOTE
General note Errata slip inserted.
504 ## - BIBLIOGRAPHY, ETC. NOTE
Bibliography, etc. note Includes bibliographical references.
651 #0 - SUBJECT ADDED ENTRY--GEOGRAPHIC NAME
Geographic name Indonesia
General subdivision Politics and government
Chronological subdivision 1950-1966.
651 #0 - SUBJECT ADDED ENTRY--GEOGRAPHIC NAME
Geographic name Indonesia
General subdivision Politics and government
Chronological subdivision 1798-1942.

No items available.

Powered by Koha